'J' Books by Cover Quiz Stats

 Plays Quiz Updated Dec 4, 2015

Also try: 'L' Books by Cover
Challenge
Share
Tweet
Score 0/12 Timer 05:00
0 Plays Today
Book % Correct
Jurassic Park
96.8%
Jaws
94.9%
The Jungle Book
86.2%
James and the Giant Peach
85.4%
Jane Eyre
79.6%
The Journey to the Center of the Earth
74.8%
The Joy Luck Club
51.1%
Julius Caesar
48%
The Joy of Cooking
44.7%
Jonathan Livingston Seagull
36.2%
Junie B. Jones (and Her Big Fat Mouth)
34.1%
Jude the Obscure
30.7%

You're not logged in!

Compare scores with friends on all Sporcle quizzes.
Join for Free
OR
Log In

You Might Also Like...

Show Comments

Extras

Top Quizzes Today


Score Distribution

Your Account Isn't Verified!

In order to create a playlist on Sporcle, you need to verify the email address you used during registration. Go to your Sporcle Settings to finish the process.

Report this User

Report this user for behavior that violates our Community Guidelines.

Details: